INFORM, information for historic building owners (Record no. 110773)

MARC details
000 -LEADER
fixed length control field 00927cad a22002415a 4500
001 - CONTROL NUMBER
control field E150174
008 - FIXED-LENGTH DATA ELEMENTS--GENERAL INFORMATION
fixed length control field 100610s2010 xxk f 000 0 eng d
035 ## - SYSTEM CONTROL NUMBER
System control number (Sirsi) u150174
041 0# - LANGUAGE CODE
Language code of text/sound track or separate title eng
050 04 - LIBRARY OF CONGRESS CALL NUMBER
Classification number 690.241 $2 18
110 2# - MAIN ENTRY--CORPORATE NAME
Corporate name or jurisdiction name as entry element Historic Scotland
9 (RLIN) 2914
245 00 - TITLE STATEMENT
Title INFORM, information for historic building owners
Remainder of title timber staircases
Medium [electronic publication]
260 ## - PUBLICATION, DISTRIBUTION, ETC.
Place of publication, distribution, etc. Edinburgh
Name of publisher, distributor, etc. Historic Scotland
Date of publication, distribution, etc. 2010
300 ## - PHYSICAL DESCRIPTION
Extent 8p.
Other physical details col.ill
Dimensions 21cm.
490 #0 - SERIES STATEMENT
Series statement Inform
520 ## - SUMMARY, ETC.
Summary, etc. Discusses how timber staircases are constructed, and looks at their repair and maintenance.
521 ## - TARGET AUDIENCE NOTE
Target audience note Introductory
590 ## - LOCAL NOTE (RLIN)
Local note KA
651 #4 - SUBJECT ADDED ENTRY--GEOGRAPHIC NAME
Geographic name Scotland
Chronological subdivision 1999-
690 ## - LOCAL SUBJECT ADDED ENTRY--TOPICAL TERM (OCLC, RLIN)
Topical term or geographic name as entry element BUILT ENVIRONMENT-BUILDING TYPES-ANCIENT MONUMENTS AND HISTORIC BUILDINGS
856 41 - ELECTRONIC LOCATION AND ACCESS
Uniform Resource Identifier <a href="https://www.historic-scotland.gov.uk/publicationsresultsdetail.htm?id=4dc88e5f7">https://www.historic-scotland.gov.uk/publicationsresultsdetail.htm?id=4dc88e5f7</a>
Public note View the item free of charge at www.historic-scotland.gov.uk
942 ## - ADDED ENTRY ELEMENTS (KOHA)
Suppress in OPAC 0
Holdings
Withdrawn status Lost status Source of classification or shelving scheme Damaged status Not for loan Home library Current library Shelving location Date acquired Total Checkouts Full call number Barcode Date last seen Copy number Price effective from Koha item type
    Dewey Decimal Classification     Virtual Virtual Online 10/05/2011   ONLINE PUBLICATION 150174-2001 06/08/2019 1 06/08/2019 Book